| 000 | 00566nam a2200181 i 4500 | ||
|---|---|---|---|
| 001 | 35204 | ||
| 003 | ES-MaACL | ||
| 007 | t| | ||
| 008 | 030212s1901 fr ||||1| fre d | ||
| 100 | 1 |
_aBorel, Emile. _930428 |
|
| 245 | 1 | 0 |
_aLeçons sur les series divergentes / _cpar Emile Borel. |
| 260 |
_aParís : _bGauthier-Villars, _c1901. |
||
| 300 |
_aVI, 182 p. : _bil. ; _c25 cm. |
||
| 490 | 1 | _aNouvelles leçons sur la theorie des fonctions | |
| 830 | 0 |
_aNouvelles leçons sur la theorie des fonctions _9181557 |
|
| 852 |
_aES-MaACL _jB-4780 |
||
| 999 |
_c35204 _d35204 |
||